Apuntes para el estudio del Estado oligárquico en Guatemala y su papel en el desarrollo capitalista

Guardado en:
Bibliografiske detaljer
Format: Texto
Udgivet: Tegucigalpa :
Tags: Tilføj Tag
Ingen Tags, Vær først til at tagge denne postø!

MARC

LEADER 00000 a a2200000 04500
001 15653
003
040
090 |a 029800  
245 |a Apuntes para el estudio del Estado oligárquico en Guatemala y su papel en el desarrollo capitalista  
260 |a Tegucigalpa :  
300 |a 6 p.  
999 |c 12149  |d 12149